Score 0/15 Timer 05:00
0 Plays Today
Clue Word % Correct
A head-covering worn by certain religionsTurban
94.4%
Aquatic reptile with a shellTurtle
93.5%
Something a DJ may useTurntable
90.8%
Vegetable with a large edible yellow or white rootTurnip
87%
A game bird, or a European/Asian countryTurkey
86.8%
A machine whereby power is produced by movement of water, steam, wind etcTurbine
82.9%
A small tower, esp. on a castle or tankTurret
76.9%
A state or condition of confusion, movement or instabilityTurbulence
71.9%
Clue Word % Correct
Traitor, treacherous personTurncoat
65.3%
Colorless oil used as a solvent and in medicineTurpentine
60.6%
A yellow spice, or the flowering plant it comes fromTurmeric
56.3%
Slang term for a sporting pitch, or what covers a sporting pitchTurf
52.6%
A dish for serving soup inTureen
48.4%
Swollen and distendedTurgid
35.1%
A European flatfishTurbot
27.7%
Remove Ads.
Support Sporcle.
Get the best of Sporcle when you Go Orange. This ad-free experience offers more features, more stats, and more fun while also helping to support Sporcle. Thank you for becoming a member.

You're not logged in!

Compare scores with friends on all Sporcle quizzes.
OR
Log In

Show Comments

Extras

Top Quizzes Today


Score Distribution

Your Account Isn't Verified!

In order to create a playlist on Sporcle, you need to verify the email address you used during registration. Go to your Sporcle Settings to finish the process.

Report this User

Report this user for behavior that violates our Community Guidelines.

Details: